Olympics medal table - Berlin 1936 - Statistics

General Stats
  • This quiz has been taken 19 times
  • The average score is 8 of 10
Answer Stats
Gold Silver Bronze Total Nation % Correct
33 26 30 89 Germany
100%
8 9 5 22 Italy
100%
24 20 12 56 United States
100%
7 6 6 19 France
94%
6 4 8 18 Japan
94%
6 5 9 20 Sweden
88%
7 6 6 19 Finland
65%
6 4 7 17 Netherlands
59%
1 9 5 15 Switzerland
53%
10 1 5 16 Hungary
47%
No matching quizzes found
Score Distribution
Percent of People with Each Score
Percentile by Number Answered
Your Score History
You have not taken this quiz